| 000 | 00882nam a22002297a 4500 | ||
|---|---|---|---|
| 008 | 240605b mp ||||| |||| 00| 0 mon d | ||
| 020 | _a978-9919-9721-7-2 | ||
| 035 | _a25515 | ||
| 040 |
_aHE0623081 _bmon _cMN-UlNLM _dMN-UlNLM _erda |
||
| 041 | _amon | ||
| 042 | _a59356 | ||
| 084 |
_2NNA _a74.100.05 _bГ.19 |
||
| 245 | 0 | _aГал сөнөөгч | |
| 264 |
_aУБ. _bМонсудар хэвлэлийн газар _c2021 |
||
| 300 | _a17х. | ||
| 336 |
_2rdacontent _atext _btxt |
||
| 337 |
_2rdamedia _aunmediated _bn |
||
| 338 |
_2rdacarrier _avolume _bnc |
||
| 650 | _aНорман, Сара, Жеймс гурав Панти-пандигийн цэцэрлэгт хүрээлэнд тоглоцгоож байлаа.Тэгтэл Сара: Хэдүүлээ таавар тоглоё Та хоёр мини... | ||
| 942 |
_2NNA _cBK |
||
| 999 |
_c895201 _d895258 |
||